[Event "Stay Safe Play From Home 237"]
[Site "Emanuel Lasker Arena"]
[Date "2020.06.18"]
[Round "5"]
[White "Matanant"]
[Black "Klasman"]
[Result "1-0"]
[WhiteElo "1761"]
[BlackElo "1619"]
[Annotator "NA RC"]
[PlyCount "47"]
[EventDate "2020.06.18"]
[EventType "swiss (blitz)"]

1. e4 {[%emt 0:00:03]} f5 {[%emt 0:00:02]} 2. exf5 {[%emt 0:00:01]} Nf6 {[%emt 0:00:01]} 3. Nc3 {[%emt 0:00:00]} d5 {[%emt 0:00:01]} 4. d3 {[%emt 0:00:06]} Bxf5 {[%emt 0:00:03]} 5. Be2 {[%emt 0:00:03]} e6 {[%emt 0:00:02]} 6. Nf3 {[%emt 0:00:02]} Bd6 {[%emt 0:00:01]} 7. O-O {[%emt 0:00:01]} O-O {[%emt 0:00:01]} 8. h3 {[%emt 0:00:01]} Nc6 {[%emt 0:00:03]} 9. Nh4 {[%emt 0:00:01]} d4 {[%emt 0:00:09]} 10. Nxf5 {[%emt 0:00:04]} exf5 {[%emt 0:00:03]} 11. Nb1 {[%emt 0:00:09]} Nd5 {[%emt 0:00:05]} 12. Bf3 {[%emt 0:00:03]} Be5 {[%emt 0:00:05]} 13. Nd2 {[%emt 0:00:06]} Nf4 {[%emt 0:00:02]} 14. Nc4 {[%emt 0:00:03]} Qg5 {[%emt 0:00:09]} 15. Nxe5 {[%emt 0:00:22]} Nxe5 {[%emt 0:00:09]} 16. Bxf4 {[%emt 0:00:03]} Qxf4 {[%emt 0:00:05]} 17. Bxb7 {[%emt 0:00:01]} Rab8 {[%emt 0:00:02]} 18. Bd5+ {[%emt 0:00:01]} Kh8 {[%emt 0:00:02]} 19. Qc1 {[%emt 0:00:03]} Qh4 {[%emt 0:00:08]} 20. Bb3 {[%emt 0:00:08]} f4 {[%emt 0:00:02]} 21. Qe1 {[%emt 0:00:06]} Rbe8 {[%emt 0:00:03]} 22. Qe4 {[%emt 0:00:04]} Ng4 {[%emt 0:00:19]} 23. Qxd4 {[%emt 0:00:09]} f3 {[%emt 0:00:21]} 24. Qxg4 {[%emt 0:00:03] Klasman resigns (Lag: Av=0.78s, max=1.1s)} 1-0

[Event "Stay Safe Play From Home 237"]
[Site "Emanuel Lasker Arena"]
[Date "2020.06.18"]
[Round "5"]
[White "Buzaglo"]
[Black "Timbre"]
[Result "1-0"]
[WhiteElo "1751"]
[BlackElo "1658"]
[Annotator "NA RC"]
[PlyCount "82"]
[EventDate "2020.06.18"]
[EventType "swiss (blitz)"]

1. d4 {[%emt 0:00:01]} d5 {[%emt 0:00:14]} 2. Nf3 {[%emt 0:00:04]} c6 {[%emt 0:00:01]} 3. g3 {[%emt 0:00:01]} Nf6 {[%emt 0:00:01]} 4. Bg2 {[%emt 0:00:00]} Bf5 {[%emt 0:00:01]} 5. O-O {[%emt 0:00:01]} e6 {[%emt 0:00:01]} 6. Nh4 {[%emt 0:00:01]} Bg4 {[%emt 0:00:02]} 7. Bg5 {[%emt 0:00:03]} Be7 {[%emt 0:00:02]} 8. Nf3 {[%emt 0:00:02]} Nbd7 {[%emt 0:00:05]} 9. c4 {[%emt 0:00:02]} h6 {[%emt 0:00:01]} 10. Bf4 {[%emt 0:00:02]} dxc4 {[%emt 0:00:06]} 11. a4 {[%emt 0:00:01]} Nd5 {[%emt 0:00:02]} 12. Bd2 {[%emt 0:00:03]} a5 {[%emt 0:00:04]} 13. Na3 {[%emt 0:00:03]} Bxa3 {[%emt 0:00:05]} 14. Rxa3 {[%emt 0:00:00]} O-O {[%emt 0:00:04]} 15. h3 {[%emt 0:00:02]} Bxf3 {[%emt 0:00:03]} 16. Bxf3 {[%emt 0:00:01]} b5 {[%emt 0:00:04]} 17. Ra1 {[%emt 0:00:05]} b4 {[%emt 0:00:02]} 18. Qc1 {[%emt 0:00:02]} N7b6 {[%emt 0:00:07]} 19. e4 {[%emt 0:00:07]} Nf6 {[%emt 0:00:07]} 20. Be3 {[%emt 0:00:02]} Qc7 {[%emt 0:00:06]} 21. Rd1 {[%emt 0:00:08]} Rad8 {[%emt 0:00:04]} 22. Bg2 {[%emt 0:00:13]} e5 {[%emt 0:00:02]} 23. dxe5 {[%emt 0:00:06]} Qxe5 {[%emt 0:00:02]} 24. Bxb6 {[%emt 0:00:02]} Rxd1+ {[%emt 0:00:06]} 25. Qxd1 {[%emt 0:00:01]} c3 {[%emt 0:00:01]} 26. bxc3 {[%emt 0:00:05]} bxc3 {[%emt 0:00:02]} 27. Bd4 {[%emt 0:00:01]} Qe6 {[%emt 0:00:08]} 28. Bxc3 {[%emt 0:00:02]} Nxe4 {[%emt 0:00:03]} 29. Bxe4 {[%emt 0:00:01]} Qxe4 {[%emt 0:00:02]} 30. Qd4 {[%emt 0:00:01]} Qg6 {[%emt 0:00:05]} 31. Bxa5 {[%emt 0:00:06]} Re8 {[%emt 0:00:06]} 32. Re1 {[%emt 0:00:03]} Rc8 {[%emt 0:00:06]} 33. Qe4 {[%emt 0:00:06]} Qh5 {[%emt 0:00:09]} 34. Qg4 {[%emt 0:00:08]} Qxa5 {[%emt 0:00:10]} 35. Qxc8+ {[%emt 0:00:02]} Kh7 {[%emt 0:00:02]} 36. Rc1 {[%emt 0:00:07]} Qxa4 {[%emt 0:00:04]} 37. Qxc6 {[%emt 0:00:01]} Qd4 {[%emt 0:00:04]} 38. Qc2+ {[%emt 0:00:02]} g6 {[%emt 0:00:03]} 39. Qc7 {[%emt 0:00:04]} Qd5 {[%emt 0:00:03]} 40. Qf4 {[%emt 0:00:04]} h5 {[%emt 0:00:03]} 41. h4 {[%emt 0:00:01]} Qe6 {[%emt 0:00:03] Timbre resigns (Lag: Av=0.64s, max=1.5s)} 1-0

[Event "Stay Safe Play From Home 237"]
[Site "Emanuel Lasker Arena"]
[Date "2020.06.18"]
[Round "5"]
[White "Tunca"]
[Black "Greblha"]
[Result "0-1"]
[WhiteElo "1642"]
[BlackElo "1925"]
[Annotator "TA"]
[PlyCount "50"]
[EventDate "2020.06.18"]
[EventType "swiss (blitz)"]

{[%evp 10,50,37,5,-2,7,12,7,25,10,16,6,20,19,22,0,8,0,14,-8,12,8,13,10,19,13,24,12,10,17,10,-10,-5,0,24,-259,-250,-327,-319,-682,-485,-694,-702]} 1. e4 c6 2. d4 d5 3. Nc3 dxe4 4. Nxe4 Nf6 5. Ng3 Bg4 6. Be2 (6. Qd3 {feels hotter.} c5 7. dxc5 Nc6 8. Be3 Qa5+ 9. c3) 6... Bxe2 {B15: Caro-Kann: 3 Nc3: 3...g6 and 3...dxe4 4 Nxe4 Nf6 5 Nxf6+ exf6.} 7. N1xe2 Nbd7 8. O-O e6 {The position is equal.} 9. c4 Bd6 {[#]} 10. Nc3 $146 ({Predecessor:} 10. f4 O-O 11. Nc3 b6 12. Nce4 Nxe4 13. Nxe4 Nf6 14. Qf3 c5 15. Be3 Qe7 16. h3 {½-½ (60) Toth Katona,T (1846)-Horvath,I (1846) Hungary 2013}) 10... O-O 11. Re1 c5 12. Bg5 cxd4 13. Qxd4 Bc5 14. Qh4 Qb6 15. Nce4 Nxe4 16. Nxe4 f6 17. Nxc5 Qxc5 18. Be3 Qf5 19. Rad1 Ne5 20. b3 Rad8 21. Bxa7 Ra8 22. Qd4 $2 {[%mdl 8192] This move loses the game for White.} (22. Be3 $11 {and White stays safe.}) 22... Nc6 $1 $19 {[%csl LRa7,LRd4][%mdl 64] [#] Double Attack} 23. Qd6 Rxa7 24. Rxe6 $2 (24. Qxe6+ Qxe6 25. Rxe6) 24... Rxa2 25. Rf1 (25. Qd5 $142 Qxf2+ 26. Kh1) 25... Rd8 {Accuracy: White = 51%, Black = 95%.} 0-1

[Event "Stay Safe Play From Home 237"]
[Site "Emanuel Lasker Arena"]
[Date "2020.06.18"]
[Round "5"]
[White "Shyamph1980"]
[Black "Edmatuag"]
[Result "1-0"]
[WhiteElo "1621"]
[BlackElo "1617"]
[Annotator "NA RC"]
[PlyCount "127"]
[EventDate "2020.06.18"]
[EventType "swiss (blitz)"]

1. e4 {[%emt 0:00:02]} c5 {[%emt 0:00:02]} 2. Nf3 {[%emt 0:00:01]} d6 {[%emt 0:00:02]} 3. Bb5+ {[%emt 0:00:01]} Bd7 {[%emt 0:00:02]} 4. Bxd7+ {[%emt 0:00:01]} Qxd7 {[%emt 0:00:00]} 5. O-O {[%emt 0:00:01]} Nf6 {[%emt 0:00:01]} 6. Re1 {[%emt 0:00:03]} Nc6 {[%emt 0:00:03]} 7. e5 {[%emt 0:00:02]} dxe5 {[%emt 0:00:04]} 8. Nxe5 {[%emt 0:00:01]} Nxe5 {[%emt 0:00:01]} 9. Rxe5 {[%emt 0:00:01]} e6 {[%emt 0:00:00]} 10. Nc3 {[%emt 0:00:04]} a6 {[%emt 0:00:07]} 11. Qf3 {[%emt 0:00:07]} Rd8 {[%emt 0:00:06]} 12. d3 {[%emt 0:00:03]} Bd6 {[%emt 0:00:07]} 13. Re1 {[%emt 0:00:03]} O-O {[%emt 0:00:07]} 14. h3 {[%emt 0:00:03]} h6 {[%emt 0:00:02]} 15. b3 {[%emt 0:00:11]} Qc7 {[%emt 0:00:03]} 16. Bb2 {[%emt 0:00:06]} Be5 {[%emt 0:00:04]} 17. Nd1 {[%emt 0:00:14]} Bd4 {[%emt 0:00:04]} 18. Bxd4 {[%emt 0:00:10]} cxd4 {[%emt 0:00:02]} 19. Nb2 {[%emt 0:00:01]} Qxc2 {[%emt 0:00:10]} 20. Rab1 {[%emt 0:00:01]} Qc6 {[%emt 0:00:08]} 21. Qe2 {[%emt 0:00:04]} Rc8 {[%emt 0:00:05]} 22. Nc4 {[%emt 0:00:06]} b5 {[%emt 0:00:07]} 23. Ne5 {[%emt 0:00:02]} Qc2 {[%emt 0:00:07]} 24. Qf3 {[%emt 0:00:01]} Qxa2 {[%emt 0:00:10]} 25. Qb7 {[%emt 0:00:02]} Rb8 {[%emt 0:00:19]} 26. Qf3 {[%emt 0:00:05]} Qa3 {[%emt 0:00:07]} 27. g4 {[%emt 0:00:05]} Qd6 {[%emt 0:00:02]} 28. h4 {[%emt 0:00:03]} Nd5 {[%emt 0:00:02]} 29. g5 {[%emt 0:00:06]} hxg5 {[%emt 0:00:03]} 30. hxg5 {[%emt 0:00:03]} Qe7 {[%emt 0:00:04]} 31. Qg4 {[%emt 0:00:05]} f5 {[%emt 0:00:08]} 32. Ng6 {[%emt 0:00:07]} fxg4 {[%emt 0:00:04]} 33. Nxe7+ {[%emt 0:00:01]} Nxe7 {[%emt 0:00:00]} 34. Kg2 {[%emt 0:00:01]} Rb6 {[%emt 0:00:03]} 35. Rec1 {[%emt 0:00:01]} Nf5 {[%emt 0:00:02]} 36. Rc7 {[%emt 0:00:03]} Rf7 {[%emt 0:00:02]} 37. Rc8+ {[%emt 0:00:04]} Kh7 {[%emt 0:00:01]} 38. Rh1+ {[%emt 0:00:00]} Kg6 {[%emt 0:00:01]} 39. f4 {[%emt 0:00:01]} Ne3+ {[%emt 0:00:03]} 40. Kg3 {[%emt 0:00:03]} Nd5 {[%emt 0:00:02]} 41. Kxg4 {[%emt 0:00:03]} Rxf4+ {[%emt 0:00:01]} 42. Kg3 {[%emt 0:00:02]} Rf5 {[%emt 0:00:01]} 43. Rc5 {[%emt 0:00:09]} Rxg5+ {[%emt 0:00:02]} 44. Kf3 {[%emt 0:00:00]} Rb7 {[%emt 0:00:02]} 45. Ke4 {[%emt 0:00:01]} Rf7 {[%emt 0:00:02]} 46. Rhc1 {[%emt 0:00:01]} Nc3+ {[%emt 0:00:01]} 47. R1xc3 {[%emt 0:00:02]} dxc3 {[%emt 0:00:00]} 48. Rxc3 {[%emt 0:00:00]} Rd5 {[%emt 0:00:01]} 49. Ke3 {[%emt 0:00:01]} Rfd7 {[%emt 0:00:01]} 50. Ke2 {[%emt 0:00:02]} Rxd3 {[%emt 0:00:01]} 51. Rxd3 {[%emt 0:00:01]} Rxd3 {[%emt 0:00:00]} 52. Kxd3 {[%emt 0:00:01]} a5 {[%emt 0:00:00]} 53. Ke3 {[%emt 0:00:00]} a4 {[%emt 0:00:01]} 54. Kd3 {[%emt 0:00:00]} a3 {[%emt 0:00:01]} 55. Kc2 {[%emt 0:00:01]} b4 {[%emt 0:00:01]} 56. Kb1 {[%emt 0:00:01]} Kf5 {[%emt 0:00:00]} 57. Ka2 {[%emt 0:00:01]} g5 {[%emt 0:00:00]} 58. Kb1 {[%emt 0:00:01]} g4 {[%emt 0:00:00]} 59. Ka2 {[%emt 0:00:01]} g3 {[%emt 0:00:00]} 60. Ka1 {[%emt 0:00:00]} g2 {[%emt 0:00:00]} 61. Kb1 {[%emt 0:00:00]} g1=Q+ {[%emt 0:00:00]} 62. Ka2 {[%emt 0:00:00]} Qg2+ {[%emt 0:00:00]} 63. Kb1 {[%emt 0:00:01]} Qd2 {[%emt 0:00:00]} 64. Ka1 {[%emt 0:00:01] Time (Lag: Av=0.74s, max=2.7s)} 1-0

[Event "Stay Safe Play From Home 237"]
[Site "Emanuel Lasker Arena"]
[Date "2020.06.18"]
[Round "5"]
[White "Katianet"]
[Black "Mepe_Nika"]
[Result "0-1"]
[WhiteElo "1562"]
[BlackElo "2373"]
[Annotator "TA"]
[PlyCount "33"]
[EventDate "2020.06.18"]
[EventType "swiss (blitz)"]

{[%evp 9,33,-3,4,-10,12,-4,25,23,35,-45,-7,0,-10,-66,-57,-219,-223,-216,-215,-218,-225,-226,-226,-228,-225,-222]} 1. d4 d5 2. Nf3 Nf6 3. Bf4 c5 4. e3 Nc6 5. c3 Qb6 6. b3 {D02: 1 d4 d5 2 Nf3 sidelines, including 2...Nf6 3 g3 and 2...Nf6 3 Bf4.} Bf5 7. Bd3 Ne4 8. O-O {White has an edge.} e6 {[#]} 9. Ne5 $146 ({White should try} 9. Nh4 $14) ({Predecessor:} 9. Qe2 Be7 10. h3 O-O 11. Ne5 Nxe5 12. Bxe5 Rac8 13. f3 Nd6 14. Nd2 Bxd3 15. Qxd3 {0-1 (30) Nagy,Z (1895)-Juhasz,A (2035) Budapest 2017}) 9... Be7 {[%cal Rc5d4]} 10. f3 Nd6 11. Bxf5 (11. e4 $11 dxe4 12. fxe4 Bxe4 13. Nc4 Nxc4 14. Bxe4) 11... Nxf5 $15 12. Nd2 $2 {This costs White the game.} (12. e4 $15 g5 13. exf5 gxf4 14. Nxc6 Qxc6 15. Qd2) 12... cxd4 $19 {Black is clearly better.} 13. exd4 Nxe5 14. Bxe5 Ne3 {[%mdl 64] [#] Double Attack} 15. Qe2 Nxf1 16. Nxf1 O-O 17. Ng3 {Accuracy: White = 47%, Black = 74%.} 0-1

[Event "Stay Safe Play From Home 237"]
[Site "Emanuel Lasker Arena"]
[Date "2020.06.18"]
[Round "6"]
[White "BrainThinker22"]
[Black "Buzaglo"]
[Result "1-0"]
[WhiteElo "2094"]
[BlackElo "1764"]
[Annotator "NA RC"]
[PlyCount "135"]
[EventDate "2020.06.18"]
[EventType "swiss (blitz)"]

1. e4 {[%emt 0:00:01]} e5 {[%emt 0:00:01]} 2. Nf3 {[%emt 0:00:01]} d6 {[%emt 0:00:00]} 3. d4 {[%emt 0:00:00]} exd4 {[%emt 0:00:00]} 4. Bc4 {[%emt 0:00:00]} Be7 {[%emt 0:00:01]} 5. c3 {[%emt 0:00:01]} Nf6 {[%emt 0:00:02]} 6. Qb3 {[%emt 0:00:01]} O-O {[%emt 0:00:01]} 7. e5 {[%emt 0:00:02]} dxe5 {[%emt 0:00:01]} 8. Nxe5 {[%emt 0:00:01]} Bd6 {[%emt 0:00:18]} 9. Nxf7 {[%emt 0:00:06]} Qe7+ {[%emt 0:00:01]} 10. Be3 {[%emt 0:00:20]} Rxf7 {[%emt 0:00:06]} 11. Bxf7+ {[%emt 0:00:02]} Qxf7 {[%emt 0:00:04]} 12. Qxf7+ {[%emt 0:00:00]} Kxf7 {[%emt 0:00:00]} 13. Bxd4 {[%emt 0:00:00]} Nc6 {[%emt 0:00:05]} 14. Be3 {[%emt 0:00:02]} Bf5 {[%emt 0:00:04]} 15. Nd2 {[%emt 0:00:04]} Re8 {[%emt 0:00:02]} 16. O-O-O {[%emt 0:00:07]} Ng4 {[%emt 0:00:05]} 17. Nc4 {[%emt 0:00:05]} Nxe3 {[%emt 0:00:08]} 18. Nxe3 {[%emt 0:00:01]} Bf4 {[%emt 0:00:03]} 19. Rhe1 {[%emt 0:00:05]} Ne5 {[%emt 0:00:17]} 20. g3 {[%emt 0:00:09]} Bxe3+ {[%emt 0:00:05]} 21. Rxe3 {[%emt 0:00:02]} Bg4 {[%emt 0:00:22]} 22. Rd5 {[%emt 0:00:13]} Ng6 {[%emt 0:00:10]} 23. Rxe8 {[%emt 0:00:09]} Kxe8 {[%emt 0:00:00]} 24. Kd2 {[%emt 0:00:08]} Ke7 {[%emt 0:00:01]} 25. Rd4 {[%emt 0:00:04]} Bf5 {[%emt 0:00:02]} 26. h4 {[%emt 0:00:04]} b6 {[%emt 0:00:04]} 27. h5 {[%emt 0:00:05]} Nf8 {[%emt 0:00:04]} 28. g4 {[%emt 0:00:02]} Be6 {[%emt 0:00:02]} 29. b3 {[%emt 0:00:03]} c5 {[%emt 0:00:02]} 30. Re4 {[%emt 0:00:03]} Kd6 {[%emt 0:00:00]} 31. c4 {[%emt 0:00:04]} g6 {[%emt 0:00:04]} 32. hxg6 {[%emt 0:00:04]} Nxg6 {[%emt 0:00:01]} 33. Ke3 {[%emt 0:00:04]} Ne5 {[%emt 0:00:05]} 34. f3 {[%emt 0:00:01]} Nc6 {[%emt 0:00:03]} 35. a3 {[%emt 0:00:02]} Nd4 {[%emt 0:00:01]} 36. b4 {[%emt 0:00:10]} Bxc4 {[%emt 0:00:01]} 37. bxc5+ {[%emt 0:00:02]} bxc5 {[%emt 0:00:00]} 38. Re8 {[%emt 0:00:04]} Be6 {[%emt 0:00:04]} 39. Ra8 {[%emt 0:00:03]} Nc2+ {[%emt 0:00:03]} 40. Kd2 {[%emt 0:00:01]} Nxa3 {[%emt 0:00:01]} 41. Rxa7 {[%emt 0:00:01]} Nc4+ {[%emt 0:00:01]} 42. Ke2 {[%emt 0:00:00]} h6 {[%emt 0:00:01]} 43. Rh7 {[%emt 0:00:02]} Ne5 {[%emt 0:00:03]} 44. Rxh6 {[%emt 0:00:01]} c4 {[%emt 0:00:01]} 45. g5 {[%emt 0:00:02]} Kd5 {[%emt 0:00:02]} 46. f4 {[%emt 0:00:02]} Ng4 {[%emt 0:00:03]} 47. Rh8 {[%emt 0:00:02]} Bf5 {[%emt 0:00:02]} 48. Rd8+ {[%emt 0:00:01]} Kc5 {[%emt 0:00:01]} 49. Rf8 {[%emt 0:00:00]} Bd3+ {[%emt 0:00:02]} 50. Kd2 {[%emt 0:00:01]} Kd4 {[%emt 0:00:01]} 51. Rd8+ {[%emt 0:00:01]} Ke4 {[%emt 0:00:01]} 52. g6 {[%emt 0:00:01]} Kxf4 {[%emt 0:00:02]} 53. g7 {[%emt 0:00:01]} Nf6 {[%emt 0:00:00]} 54. Rf8 {[%emt 0:00:01]} Kg5 {[%emt 0:00:01]} 55. Rxf6 {[%emt 0:00:01]} Bh7 {[%emt 0:00:00]} 56. Rf8 {[%emt 0:00:01]} Bg8 {[%emt 0:00:00]} 57. Rxg8 {[%emt 0:00:00]} c3+ {[%emt 0:00:00]} 58. Kxc3 {[%emt 0:00:01]} Kg6 {[%emt 0:00:01]} 59. Rd8 {[%emt 0:00:00]} Kxg7 {[%emt 0:00:01]} 60. Rd4 {[%emt 0:00:01]} Kf6 {[%emt 0:00:00]} 61. Kc4 {[%emt 0:00:00]} Ke5 {[%emt 0:00:00]} 62. Rd5+ {[%emt 0:00:00]} Ke6 {[%emt 0:00:00]} 63. Kc5 {[%emt 0:00:00]} Kf6 {[%emt 0:00:00]} 64. Kd6 {[%emt 0:00:00]} Kf7 {[%emt 0:00:01]} 65. Re5 {[%emt 0:00:00]} Kf6 {[%emt 0:00:00]} 66. Re6+ {[%emt 0:00:00]} Kf7 {[%emt 0:00:01]} 67. Re7+ {[%emt 0:00:00]} Kf6 {[%emt 0:00:01]} 68. Re4 {[%emt 0:00:00] (Lag: Av=0.68s, max=5.3s)} 1-0

[Event "Stay Safe Play From Home 237"]
[Site "Emanuel Lasker Arena"]
[Date "2020.06.18"]
[Round "6"]
[White "Lazieri3"]
[Black "Haris kollari 13"]
[Result "1-0"]
[WhiteElo "2082"]
[BlackElo "1827"]
[Annotator "NA RC"]
[PlyCount "117"]
[EventDate "2020.06.18"]
[EventType "swiss (blitz)"]

1. e4 {[%emt 0:00:02]} e6 {[%emt 0:00:01]} 2. Nf3 {[%emt 0:00:02]} d5 {[%emt 0:00:01]} 3. Nc3 {[%emt 0:00:01]} d4 {[%emt 0:00:01]} 4. Ne2 {[%emt 0:00:01]} c5 {[%emt 0:00:01]} 5. d3 {[%emt 0:00:01]} Nc6 {[%emt 0:00:01]} 6. g3 {[%emt 0:00:01]} e5 {[%emt 0:00:01]} 7. Bg2 {[%emt 0:00:00]} Bg4 {[%emt 0:00:01]} 8. O-O {[%emt 0:00:01]} Qd7 {[%emt 0:00:01]} 9. Ne1 {[%emt 0:00:03]} Bh3 {[%emt 0:00:03]} 10. f4 {[%emt 0:00:02]} f6 {[%emt 0:00:04]} 11. f5 {[%emt 0:00:03]} Bxg2 {[%emt 0:00:01]} 12. Kxg2 {[%emt 0:00:00]} O-O-O {[%emt 0:00:01]} 13. Nf3 {[%emt 0:00:04]} Bd6 {[%emt 0:00:01]} 14. Bd2 {[%emt 0:00:01]} Nge7 {[%emt 0:00:01]} 15. Nh4 {[%emt 0:00:01]} Rdf8 {[%emt 0:00:04]} 16. a3 {[%emt 0:00:02]} g6 {[%emt 0:00:02]} 17. g4 {[%emt 0:00:02]} g5 {[%emt 0:00:04]} 18. Nf3 {[%emt 0:00:01]} h5 {[%emt 0:00:01]} 19. h3 {[%emt 0:00:01]} hxg4 {[%emt 0:00:01]} 20. hxg4 {[%emt 0:00:00]} Rf7 {[%emt 0:00:05]} 21. Ng3 {[%emt 0:00:03]} Rfh7 {[%emt 0:00:06]} 22. Qe2 {[%emt 0:00:02]} Ng8 {[%emt 0:00:04]} 23. Rh1 {[%emt 0:00:01]} b5 {[%emt 0:00:05]} 24. a4 {[%emt 0:00:05]} b4 {[%emt 0:00:01]} 25. Nh5 {[%emt 0:00:13]} Qf7 {[%emt 0:00:17]} 26. Rh2 {[%emt 0:00:04]} Nh6 {[%emt 0:00:01]} 27. Bxg5 {[%emt 0:00:22]} Nxg4 {[%emt 0:00:04]} 28. Rh4 {[%emt 0:00:18]} Rxh5 {[%emt 0:00:03]} 29. Rxg4 {[%emt 0:00:01]} fxg5 {[%emt 0:00:02]} 30. Rg1 {[%emt 0:00:10]} Be7 {[%emt 0:00:03]} 31. Kf1 {[%emt 0:00:02]} Qf6 {[%emt 0:00:03]} 32. Nxg5 {[%emt 0:00:14]} Qh6 {[%emt 0:00:21]} 33. Nf7 {[%emt 0:00:34]} Qc1+ {[%emt 0:00:04]} 34. Qe1 {[%emt 0:00:01]} Qxe1+ {[%emt 0:00:12]} 35. Kxe1 {[%emt 0:00:00]} Rf8 {[%emt 0:00:03]} 36. Ng5 {[%emt 0:00:02]} Bxg5 {[%emt 0:00:02]} 37. Rxg5 {[%emt 0:00:00]} Rxg5 {[%emt 0:00:01]} 38. Rxg5 {[%emt 0:00:01]} Kc7 {[%emt 0:00:08]} 39. Rg7+ {[%emt 0:00:01]} Kd6 {[%emt 0:00:05]} 40. Kd2 {[%emt 0:00:01]} a5 {[%emt 0:00:03]} 41. c3 {[%emt 0:00:01]} Rf6 {[%emt 0:00:04]} 42. Rg8 {[%emt 0:00:02]} Rh6 {[%emt 0:00:05]} 43. cxd4 {[%emt 0:00:02]} Rh2+ {[%emt 0:00:06]} 44. Kd1 {[%emt 0:00:01]} cxd4 {[%emt 0:00:02]} 45. Rg6+ {[%emt 0:00:00]} Kc7 {[%emt 0:00:01]} 46. Rg7+ {[%emt 0:00:01]} Kb6 {[%emt 0:00:01]} 47. f6 {[%emt 0:00:00]} Rxb2 {[%emt 0:00:01]} 48. f7 {[%emt 0:00:00]} Rf2 {[%emt 0:00:01]} 49. Ke1 {[%emt 0:00:01]} Rf4 {[%emt 0:00:01]} 50. Ke2 {[%emt 0:00:00]} b3 {[%emt 0:00:02]} 51. Kd2 {[%emt 0:00:01]} Kc5 {[%emt 0:00:01]} 52. Kc1 {[%emt 0:00:00]} Kb4 {[%emt 0:00:01]} 53. Kb2 {[%emt 0:00:00]} Rf2+ {[%emt 0:00:02]} 54. Kc1 {[%emt 0:00:01]} Ka3 {[%emt 0:00:01]} 55. f8=Q+ {[%emt 0:00:01]} Rxf8 {[%emt 0:00:03]} 56. Rb7 {[%emt 0:00:00]} b2+ {[%emt 0:00:02]} 57. Kd2 {[%emt 0:00:00]} Rf2+ {[%emt 0:00:01]} 58. Ke1 {[%emt 0:00:01]} Rc2 {[%emt 0:00:01]} 59. Kf1 {[%emt 0:00:01] Time} 1-0

[Event "Stay Safe Play From Home 237"]
[Site "Emanuel Lasker Arena"]
[Date "2020.06.18"]
[Round "6"]
[White "Greblha"]
[Black "Mepe_Nika"]
[Result "0-1"]
[WhiteElo "1931"]
[BlackElo "2373"]
[Annotator "TA"]
[PlyCount "100"]
[EventDate "2020.06.18"]
[EventType "swiss (blitz)"]

{[%evp 14,99,-11,-12,4,-25,-13,-27,-1,-7,6,0,6,-19,-18,-29,-20,-20,-20,-19,-21,-35,0,-3,0,-14,8,24,19,-28,-20,-25,-26,-119,-123,-125,-110,-119,-6,-31,-33,-35,-30,-51,-28,-59,-36,-109,-112,-107,-107,-89,-100,-206,-203,-372,-361,-389,-361,-920,-882,-870,-847,-1063,-1038,-998,-775,-1887,-1815,-1658,-1367,-29987,-29987,-29988,-29989,-29989,-29990,-29991,-29992,-29993,-29994,-29995,-29996,-29996,-29997,-29997,-29998,-29999]} 1. e4 e5 2. Nf3 Nc6 3. Bb5 a6 4. Ba4 Nf6 5. Qe2 b5 6. Bb3 Bc5 7. c3 d6 8. d3 Bb6 {C77: Ruy Lopez: 3...a6 4 Ba4 Nf6, unusual lines.} 9. Nbd2 O-O 10. Nf1 h6 {Black has an edge.} 11. Be3 Bxe3 12. Nxe3 {[#]} Re8 $146 ({Predecessor:} 12... Na5 13. Bc2 c5 14. a3 Nc6 15. O-O d5 16. exd5 Nxd5 17. Rfe1 Nf4 18. Qd1 Re8 {0-1 (49) Luukkonen,T (2200)-Taivainen,J (2295) Laukaa 1997}) 13. Nd5 Rb8 14. O-O Nxd5 15. Bxd5 Ne7 16. Bb3 Ng6 17. Nd2 Be6 18. g3 Qg5 19. Qe3 Qh5 20. Bxe6 Rxe6 21. f4 exf4 22. gxf4 {And now f5 would win.} f5 23. Qf3 (23. Rf2 $11) 23... Qxf3 $17 24. Rxf3 Rf8 25. Raf1 {[#]} Ne7 ({Better is} 25... Ref6 $1 $17 26. Kf2 fxe4 27. Nxe4 Rxf4) 26. Kg2 Kf7 27. Re1 Ke8 28. e5 Kd7 29. d4 Nd5 30. a4 {Black continues to play with concentration.} ({White should try} 30. h3 $15) 30... g5 31. fxg5 hxg5 32. axb5 axb5 33. Ra1 (33. c4 $17 g4 34. Rb3 bxc4 35. Nxc4) 33... dxe5 $19 34. Nb3 $2 {[#]} (34. dxe5 {was worth a try.} Rxe5 35. Rf2) 34... e4 $1 {[%cal Re4f3]} 35. Nc5+ Ke7 36. Rh3 $2 (36. Rg3 Nf4+ 37. Kh1) 36... Nf4+ {[%mdl 64] Double Attack} 37. Kg3 Nxh3 38. Nxe6 Kxe6 39. Kxh3 {[%mdl 4096] Endgame KR-KR} Kd5 40. Ra6 c6 41. Ra7 f4 42. Rg7 f3 {Black mates.} 43. Rxg5+ Kc4 44. Rg1 e3 45. Kg3 f2 46. Rf1 e2 47. Rxf2 e1=Q 48. Kg2 Qxf2+ {[%mdl 64] Double Attack} 49. Kh3 Rf4 {[%csl Gf2][%cal Rf4h4]} 50. d5 Rh4# {Accuracy: White = 47%, Black = 88%.} 0-1